000 00347nam a2200133Ia 4500
008 240624s9999 xx 000 0 und d
041 _aeng
082 _a305.484 McA
100 _aMCADAM AOUG
245 _aCOMPARATIVE PERSPECTIVES ON SOCIAL MOVEM
260 _c1996
_aCambridge
_bCambridge University Press
300 _a446 : p.
365 _c
_b28
999 _c20973
_d20973